| 000 | 00663cam a22002054a 4500 | ||
|---|---|---|---|
| 020 | _a0421690208 | ||
| 082 | 0 | 0 |
_a340/.1 _bFRE _cNUST, L-01, P-145 |
| 100 | 1 |
_aFreeman, Michael D. A. _937378 |
|
| 245 | 1 | 0 |
_aLloyd's introduction to jurisprudence / _cby M.D.A. Freeman. |
| 250 | _a7th ed. | ||
| 260 |
_aLondon : _bSweet & Maxwell, _c2001. |
||
| 300 |
_axl, 1526 p. ; _c24 cm. |
||
| 526 |
_a0 _b0 _c0 _d340_100000000000000_FRE |
||
| 526 |
_a0 _b0 _c0 _d340_100000000000000_FRE |
||
| 650 | 0 |
_aJurisprudence. _935222 |
|
| 650 | 0 |
_aLaw _xMethodology. _937379 |
|
| 650 | 0 |
_aLaw _xPhilosophy. _935308 |
|
| 700 | 1 |
_aLloyd of Hampstead, Dennis Lloyd, _937380 |
|
| 942 |
_2ddc _cBK |
||
| 999 |
_c542255 _d542255 |
||